| 000 | 00633nam a2200205Ia 4500 | ||
|---|---|---|---|
| 999 |
_c51438 _d51438 |
||
| 001 | 18424 | ||
| 003 | GE_BSU | ||
| 005 | 20221129160717.0 | ||
| 008 | 181216s2000||||enk|||||||||||||| ||eng|| | ||
| 020 | _a9781572242098x | ||
| 040 | _cGE_BSU | ||
| 041 | _aeng | ||
| 080 | _a159.9 P-32 | ||
| 100 |
_aPaterson, Randy J. _916207 |
||
| 245 | 4 |
_aThe Assertiveness workbook: _bHow to Express Your Ideas and Stand Up for Yourself at Work and in Relationships / _cRandy J. Paterson. |
|
| 264 |
_aOakland : _bNew Harbinger Publications, _c2000. |
||
| 300 |
_a216 p. ; _b26 cm. |
||
| 653 | _aფსიქოლოგია | ||
| 942 |
_cBK _2udc |
||